000 00751nam a22002777a 4500
003 CHAP
005 20220817041441.0
008 971013s1925 r 00010 d
010 _a14826
011 _a15798
035 _a19875
040 _cCHAP
082 _a338.1765
_bB45 1925
100 0 0 _aBenjamin, Earl W.
_911591
245 _aMarketing poultry products
250 _a2 ed.
260 _aNew York :
_bWiley,
_c1925
300 _a332 p.
_b: ilus.
590 _aBATCH-UPD
_b10
_c20130110
_lUCH01
_h1706
590 _aCONVERSION
_b10
_c20130109
_lUCH01
_h1309
650 1 4 _aAves de corral
_xMercadeo.
_98660
650 1 4 _aAvicultura.
901 _aBK
942 _cLIBRO
949 _a338.1765 B45 1925
_bBC
_cBPP
_d-46346
_eBPP
_h5885
_i19875
_si
999 _c14826
_d14826